Riconosci lo Stato - Quiz n°67 - Statistics

Statistiche generali
  • Questo quiz è stato fatto 48 volte
  • Il punteggio medio è 9 su 12
Statistiche sulle risposte
Indizio Risposta % Corretto
Valuta Scellino
98%
Iniziale della Capitale K
93%
Presidente della Repubblica Yoweri Museveni
88%
Fuso Orario UTC+3
83%
Superficie 241.038 km²
79%
Indipendenza 9 ottobre 1962 dal Regno Unito
79%
Popolazione 46.000.001 ab.
76%
Forma di Governo Repubblica presidenziale
76%
PIL (nominale) 21 243 milioni di $
71%
ISU 0,446
64%
Tasso di crescita 3,32%
62%
Risposta Uganda
52%
Nessun quiz corrispondente trovato
Distribuzione punteggi
Percentuale di utenti per punteggio
Percentile per numero di risposta
I tuoi punteggi nel tempo
Non hai fatto questo quiz